000
00251nam a2200097Ia 4500
001
815773
005
20250826171702.0
008
250824s9999 xx 000 0 und d
245
0
_a
ÖLÜMCÜL TAKİP
_c
TUNCEL ALTINKÖPRÜ
260
_b
GENÇ HAYAT YAYINLARI
999
_c
815773
_d
815773